00528nam a2200157Ia 4500008004100000041001200041082001600053100001700069245003400086260004100120300000700161650001400168942000700182999001300189952016800202221030s9999 xx 000 0 und d aEnglish a105.23bSha aN. N. Sharma 0aPractical Chemistry XII Class bNarendera Pub HouseaJalandharc1987 a72 aChemistry cBK c347d347 pBE 79g10.00l0o105.23 Shar2024-06-13 00:00:00w2022-10-30yBK003Print4070aMIETLIBbMIETLIBcBL-Academic Block C, FL-2, CUP-19, SH-1, R-1d1998-10-3010HBE